Normal view
MARC view
- Muslim women
Entry Topical Term
001 - CONTROL NUMBER
- control field: 37568
003 - CONTROL NUMBER IDENTIFIER
- control field: NUST
005 - DATE AND TIME OF LATEST TRANSACTION
- control field: 20210314130318.0
008 - FIXED-LENGTH DATA ELEMENTS
- fixed length control field: 210314|| aca||aabn | a|a d
040 ## - CATALOGING SOURCE
- Original cataloging agency: NUST
- Transcribing agency: NUST
150 ## - HEADING--TOPICAL TERM
- Topical term or geographic name entry element: Muslim women
- General subdivision: Social conditions
670 ## - SOURCE DATA FOUND
- Source citation: Work cat.: (NUST): Jawad, H. A. 37567, The rights of women in Islam :, 1998.
